000 00646nam a22001817a 4500
010 _a1617CH-EN
020 _a9780241206577
_c450.00
035 _aB-644214-224
037 _aDPL
_bBBB/Ven.
082 _a546
100 _aWinston, Robert
245 _aAll about chemistry /
_cby Robert Winston
260 _bDorling Kindersley
_aLondon
_c2015
270 _a80 Strand,
_bLondon
_eWC2R 0RL
300 _a95p.
_c27cm
942 _2ddc
_cCH
_mWIN
_h546
999 _c100946
_d100946